|
|
|
|
| LEADER |
00000nam0a2200000 4500 |
| 001 |
341782 |
| 005 |
20231228143958.0 |
| 035 |
|
|
|a (RuTPU)RU\TPU\book\370043
|
| 090 |
|
|
|a 341782
|
| 100 |
|
|
|a 20181023d2017 m y0rusy50 ca
|
| 101 |
0 |
|
|a rus
|
| 102 |
|
|
|a RU
|
| 105 |
|
|
|a y j 001zy
|
| 200 |
1 |
|
|a Русский язык для иностранных учащихся предмагистерской подготовки. Экономический профиль
|e учебно-методическое пособие
|f Н. В. Курикова
|g Национальный исследовательский Томский политехнический университет (ТПУ)
|
| 210 |
|
|
|a Томск
|c Изд-во ТПУ
|d 2017
|
| 215 |
|
|
|a 56 с.
|
| 320 |
|
|
|a Библиогр.: с. 55
|
| 330 |
|
|
|a Пособие нацелено на подготовку иностранных учащихся к их будущей учебно-профессиональной деятельности в экономической сфере на русском языке. Последовательно, от языкового уровня А2 до В1, в работе предлагаются задания, направленные на развитие речевых навыков и умений будущих магистрантов. Предназначено для иностранных учащихся предмагистерской программы.
|
| 606 |
1 |
|
|a Русский язык
|x Для других народов
|x Учебные руководства и пособия
|2 stltpush
|3 (RuTPU)RU\TPU\subj\26400
|9 50340
|
| 610 |
1 |
|
|a русский язык для иностранцев
|
| 610 |
1 |
|
|a русский язык как иностранный
|
| 610 |
1 |
|
|a лексика
|
| 610 |
1 |
|
|a грамматика
|
| 610 |
1 |
|
|a экономика
|
| 610 |
1 |
|
|a менеджмент
|
| 610 |
1 |
|
|a история
|
| 610 |
1 |
|
|a обществознание
|
| 610 |
1 |
|
|a философия
|
| 610 |
1 |
|
|a учебные пособия
|
| 610 |
1 |
|
|a труды учёных ТПУ
|
| 686 |
|
|
|a Ш141.2-96
|2 rubbk
|
| 700 |
|
1 |
|a Курикова
|b Н. В.
|c лингвист
|c доцент Томского политехнического университета, кандидат филологических наук
|f 1975-
|g Наталья Владимировна
|3 (RuTPU)RU\TPU\pers\27936
|9 12939
|
| 712 |
0 |
2 |
|a Национальный исследовательский Томский политехнический университет (ТПУ)
|c (2009- )
|3 (RuTPU)RU\TPU\col\15902
|
| 801 |
|
1 |
|a RU
|b 63413507
|c 20181023
|
| 801 |
|
2 |
|a RU
|b 63413507
|c 20181115
|g RCR
|
| 942 |
|
|
|c BK
|